EDUCATIONAL PLANNING AND NATIONAL EDUCATION POLICY/ (Record no. 199753)
[ view plain ]
| 000 -LEADER | |
|---|---|
| fixed length control field | 00776nam a22002177a 4500 |
| 005 - DATE AND TIME OF LATEST TRANSACTION | |
| control field | 20231221123238.0 |
| 010 ## - LCCN (DPL NO) | |
| LC control number | ENG-138691 |
| 020 ## - INTERNATIONAL STANDARD BOOK NUMBER | |
| Terms of availability | 995.00 |
| International Standard Book Number | 9788195022311 |
| 035 ## - SYSTEM CONTROL NUMBER | |
| System control number | EN-122223 |
| 037 ## - SOURCE OF ACQUISITION | |
| Source of stock number/acquisition | DBAD/PUB |
| 082 ## - DEWEY DECIMAL CLASSIFICATION NUMBER | |
| Classification number | 379.3 |
| Edition number | 1 |
| 100 ## - MAIN ENTRY--PERSONAL NAME | |
| Personal name | Anuradha, R.V. |
| 245 ## - TITLE STATEMENT | |
| Title | EDUCATIONAL PLANNING AND NATIONAL EDUCATION POLICY/ |
| Remainder of title | By R.V. ANURADHA; SANJAY KSHIRSAGAR & P. VENKATA CHARY |
| 250 ## - EDITION STATEMENT | |
| Edition statement | 1 |
| 260 ## - PUBLICATION, DISTRIBUTION, ETC. (IMPRINT) | |
| Place of publication, distribution, etc | New Delhi |
| Name of publisher, distributor, etc | Neelkamal Publications |
| Date of publication, distribution, etc | 2021 |
| 270 ## - ADDRESS | |
| Address | 4764/1, 23, Ansari Road, Daryaganj |
| City | New Delhi |
| Postal code | 110002 |
| Telephone number | 011-23244237 |
| -- | 98118-28953 |
| Electronic mail address | neelkamalbooks@gmail.com |
| 300 ## - PHYSICAL DESCRIPTION | |
| Extent | 211p. |
| Dimensions | 25cm(hbk) |
| 700 ## - ADDED ENTRY--PERSONAL NAME | |
| Personal name | Kshirsagar,Sanjay |
| Relator term | Author |
| 9 (RLIN) | 60069 |
| 700 ## - ADDED ENTRY--PERSONAL NAME | |
| Personal name | Chary,P.Venkata |
| Relator term | Author |
| 9 (RLIN) | 60105 |
| 942 ## - ADDED ENTRY ELEMENTS (KOHA) | |
| Source of classification or shelving scheme | Dewey Decimal Classification |
| Item type | English Books |
| Classification part | 379.3 |
| Call number suffix | ANU |
| Edition | 1 |
| Withdrawn status | Lost status | Not for loan | Collection code | Home library | Current library | Date acquired | Source of acquisition | Cost, normal purchase price | Full call number | Barcode | Copy number | Cost, replacement price | Koha item type |
|---|---|---|---|---|---|---|---|---|---|---|---|---|---|
| Non-fiction | Sarojini Nagar | Sarojini Nagar | 21/12/2023 | DUB/PUB | 995.00 | 379.3 ANU | EN-122223 | 1 | 995.00 | English Books |
